Expert Workshop on Life-Cycle Analysis of Energy Systems, Methods and Experience Proceedings. Paris, France, 21st-22nd May 1992

Enregistré dans:
Détails bibliographiques
Format: Livre
Langue:anglais
Publié: Paris OECD 1993
Édition:1. ed.
Sujets:
Tags: Ajouter un tag
Pas de tags, Soyez le premier à ajouter un tag!

MARC

LEADER 00000nam a2200000 4500
001 c005128
005 20221214083521.1
020 |a 92-64-13992-3 
041 0 |a eng 
044 |a FR 
245 1 0 |a Expert Workshop on Life-Cycle Analysis of Energy Systems, Methods and Experience  |b Proceedings. Paris, France, 21st-22nd May 1992 
250 |a 1. ed. 
264 1 |a Paris  |b OECD  |c 1993 
300 |a 359 s. 
610 2 0 |a IEA 
610 2 0 |a energetika 
610 2 0 |a energia 
610 2 0 |a prostredie životné 
610 2 0 |a Európske spoločenstvá 
610 2 0 |a USA